| 000 | 00483nam a2200181Ia 4500 | ||
|---|---|---|---|
| 008 | 230711s9999||||xx |||||||||||||| ||und|| | ||
| 020 | _a978-0-07-463631-2 | ||
| 041 | _aENG | ||
| 082 |
_a621.47 _bGA-S |
||
| 100 | _aGarg,H.P | ||
| 245 | 0 | _aSolar energy : Fundamentals and applications | |
| 250 | _a1st Ed. | ||
| 260 |
_c2015 _aNew Delhi _bMcGraw Hill Education(India) Private Limited |
||
| 300 | _a434p. | ||
| 650 | _aElectrical Engineering | ||
| 700 | _aPrakash,J | ||
| 942 | _cBK | ||
| 999 |
_c6248 _d6248 |
||